Desvendando o passado, modelando o futuro: 3D tecnologías

Збережено в:
Бібліографічні деталі
Автори: Lopes, Jorge (autor), Brancaglion, Antonio (Автор), Azevedo, Sergio Alex (Автор), Werner, Heron (Автор)
Формат: Книга
Мова:Португальська
Англійська
Опубліковано: Río de Janeiro Lexikon 2013
Редагування:1a. ed
Серія:Lexikon Obras de Referencia
Предмети:
Теги: Додати тег
Немає тегів, Будьте першим, хто поставить тег для цього запису!

MARC

LEADER 00000cam a2200000 a 4500
001 UCD4625
003 CL-VaPUC
008 160713e20130000bl |||||||||||||||||por|d
020 |a 9788583000037 
041 0 7 |a por  |2 CL-VaPUC 
041 0 7 |a eng  |2 CL-VaPUC 
082 0 4 |a 003.3  |b LOP  |2 21 
100 |a Lopes, Jorge  |e autor  |9 588355 
700 0 |a Brancaglion, Antonio  |e author  |9 588356 
700 0 |a Azevedo, Sergio Alex  |e author  |9 588357 
700 0 |a Werner, Heron  |e author  |9 588358 
245 1 0 |a Desvendando o passado, modelando o futuro: 3D tecnologías 
246 1 0 |a Unvealing the past, shaping the future: 3D technologies 
250 |a 1a. ed 
300 |a 247 p 
942 |c BK 
945 |d 20160713 20:53:00  |a arojas 
260 |a Río de Janeiro  |b Lexikon  |c 2013 
650 7 |a TERCERA DIMENSION  |2 CL-VaPUC  |9 475364 
650 0 |a Realidad virtual  |9 361882 
650 7 |a INNOVACIONES TECNOLOGICAS  |2 CL-VaPUC  |9 588359 
583 |a last modification  |c 20160713 20:53:00  |k Rodrigo Vera 
490 0 |a Lexikon Obras de Referencia 
999 |c 365506  |d 365504 
952 |0 0  |1 0  |3 erd  |4 0  |6 003_300000000000000_LOP_2013  |7 0  |8 A  |9 479387  |a BIBARQ  |b BIBARQ  |i 5298334  |l 1  |o 003.3 LOP 2013  |p 5298334  |r 2025-01-20  |s 2024-06-10  |w 2019-11-24  |y BK  |z Catalogado en:20160713  |k ARQ